| 000 | 00799nam a22002057a 4500 | ||
|---|---|---|---|
| 999 |
_c18737 _d18737 |
||
| 003 | AR-CdUCM | ||
| 008 | 190515b ||||| |||| 00| 0 spa d | ||
| 040 |
_aMUNICIPALIDAD PROVINCIAL DEL CUSCO _cBIBLIOTECA MUNICIPAL DEL CUSCO |
||
| 082 |
_a624 / _bG81 |
||
| 100 |
_aGalabru, Paul _939500 |
||
| 245 |
_aTratado de procedimientos generales de construcción : _bMaquinaria general en obras y movimiento de tierra / |
||
| 260 |
_aBarcelona : _bReverté, _c1977. |
||
| 300 |
_a473 páginas ; _c23 cm. |
||
| 505 | _aContenido : Estudios preparatorios, maquinaria y elementos auxiliares de las obras en general -- Estudios preparatorios -- Estudio del terreno ... | ||
| 650 |
_aMaquinaria _939501 |
||
| 650 |
_aObra _91250 |
||
| 650 |
_aTierra _9337 |
||
| 942 |
_2ddc _cLIBROS |
||
| 945 |
_arah _d2019/05/15 |
||